Методика расчета низкотемпературных свойств гидроочищенных дизельных фракций; Химия и химическая технология в XXI веке; Т. 2

Detalhes bibliográficos
Parent link:Химия и химическая технология в XXI веке: материалы XVI Международной научно-практической конференции студентов и молодых ученых, посвященной 115-летию со дня рождения профессора Л. П. Кулёва, Томск, 25-29 мая 2015 г./ Национальный исследовательский Томский политехнический университет (ТПУ) ; Институт природных ресурсов (ИПР) ; Институт физики высоких технологий (ИФВТ) ; Физико-технический институт (ФТИ) ; Российский фонд фундаментальных исследований (РФФИ).— , 2015
Т. 2.— 2015.— [С. 7-9]
Autor principal: Алтынов А. А. Андрей Андреевич
Autor Corporativo: Национальный исследовательский Томский политехнический университет (ТПУ) Институт природных ресурсов (ИПР) Кафедра химической технологии топлива и химической кибернетики (ХТТ)
Outros Autores: Богданов И. А. Илья Александрович (научный руководитель), Киргина М. В. Мария Владимировна
Resumo:Заглавие с титульного экрана
Idioma:russo
Publicado em: 2015
coleção:Технология и моделирование процессов подготовки и переработки углеводородного сырья
Assuntos:
Acesso em linha:http://earchive.tpu.ru/handle/11683/19708
http://www.lib.tpu.ru/fulltext/c/2015/C27/V2/003.pdf
Formato: Recurso Eletrônico Capítulo de Livro
KOHA link:https://koha.lib.tpu.ru/cgi-bin/koha/opac-detail.pl?biblionumber=613212

MARC

LEADER 00000naa2a2200000 4500
001 613212
005 20250911104557.0
035 |a (RuTPU)RU\TPU\conf\11344 
035 |a RU\TPU\conf\11343 
090 |a 613212 
100 |a 20150709d2015 k y0rusy50 ca 
101 0 |a rus 
102 |a RU 
105 |a y z 101zy 
135 |a drcn ---uucaa 
181 0 |a i  
182 0 |a b 
200 1 |a Методика расчета низкотемпературных свойств гидроочищенных дизельных фракций  |f А. А. Алтынов, И. А. Богданов  |g науч. рук. М. В. Киргина 
203 |a Текст  |c электронный 
225 1 |a Технология и моделирование процессов подготовки и переработки углеводородного сырья 
300 |a Заглавие с титульного экрана 
320 |a [Библиогр.: с. 9 (1 назв.)] 
337 |a Adobe Reader 
461 1 |0 (RuTPU)RU\TPU\conf\10702  |t Химия и химическая технология в XXI веке  |o материалы XVI Международной научно-практической конференции студентов и молодых ученых, посвященной 115-летию со дня рождения профессора Л. П. Кулёва, Томск, 25-29 мая 2015 г.  |o в 2 т.  |f Национальный исследовательский Томский политехнический университет (ТПУ) ; Институт природных ресурсов (ИПР) ; Институт физики высоких технологий (ИФВТ) ; Физико-технический институт (ФТИ) ; Российский фонд фундаментальных исследований (РФФИ)  |d 2015 
463 1 |0 (RuTPU)RU\TPU\conf\10705  |t Т. 2  |v [С. 7-9]  |d 2015 
610 1 |a труды учёных ТПУ 
610 1 |a электронный ресурс 
610 1 |a низкотемпературные свойства 
610 1 |a дизельные фракции 
610 1 |a дизельное топливо 
610 1 |a низкотемпературные свойства 
610 1 |a регламентирующие параметры 
700 1 |a Алтынов  |b А. А.  |c химик  |c инженер-исследователь Томского политехнического университета  |f 1994-  |g Андрей Андреевич  |3 (RuTPU)RU\TPU\pers\46561 
701 1 |a Богданов  |b И. А.  |c химик  |c инженер-исследователь Томского политехнического университета  |f 1994-  |g Илья Александрович  |3 (RuTPU)RU\TPU\pers\46559  |9 22217 
702 1 |a Киргина  |b М. В.  |c химик-технолог  |c ассистент Томского политехнического университета  |f 1988-  |g Мария Владимировна  |4 727 
712 0 2 |a Национальный исследовательский Томский политехнический университет (ТПУ)  |b Институт природных ресурсов (ИПР)  |b Кафедра химической технологии топлива и химической кибернетики (ХТТ)  |3 (RuTPU)RU\TPU\col\18665 
801 2 |a RU  |b 63413507  |c 20210204  |g RCR 
856 4 |u http://earchive.tpu.ru/handle/11683/19708 
856 4 |u http://www.lib.tpu.ru/fulltext/c/2015/C27/V2/003.pdf 
942 |c BK